Alcantarillas de arco de hormigón reforzado
Salvato in:
| Autore principale: | |
|---|---|
| Natura: | Sconosciuto |
| Pubblicazione: |
[San José, Costa Rica]
1967
|
| Soggetti: | |
| Tags: |
Aggiungi Tag
Nessun Tag, puoi essere il primo ad aggiungerne!!
|
MARC
| LEADER | 00000 a2200000 4500 | ||
|---|---|---|---|
| 003 | 011211 | ||
| 005 | 20221231143811.0 | ||
| 008 | 140114s1967 c a m 000 ||s d | ||
| 040 | |c cru CEDI | ||
| 090 | |a TFG 250 | ||
| 100 | |a Tioli Avila, Marco Antonio |9 17661 | ||
| 245 | |a Alcantarillas de arco de hormigón reforzado | ||
| 260 | |c 1967 |a [San José, Costa Rica] | ||
| 300 | |a 105 hojas : ilustraciones, cuadros ; 27 cm | ||
| 500 | |a Tesis (Ingeniero Civil) Universidad de Costa Rica | ||
| 650 | |x ALCANTARILLAS |9 17662 | ||
| 942 | |c TFG | ||
| 999 | |c 12166 |d 12166 | ||
